<?xml version="1.0" encoding="UTF-8"?>
<record
    xmlns:xsi="http://www.w3.org/2001/XMLSchema-instance"
    xsi:schemaLocation="http://www.loc.gov/MARC21/slim http://www.loc.gov/standards/marcxml/schema/MARC21slim.xsd"
    xmlns="http://www.loc.gov/MARC21/slim">

  <leader>01355cam a22002531  4500</leader>
  <controlfield tag="001">sa 68005338 </controlfield>
  <controlfield tag="003">DLC</controlfield>
  <controlfield tag="005">20260227112508.0</controlfield>
  <controlfield tag="008">710915s1967    ii k     l    000 0 eng  </controlfield>
  <datafield tag="010" ind1=" " ind2=" ">
    <subfield code="a">sa 68005338 </subfield>
  </datafield>
  <datafield tag="025" ind1=" " ind2=" ">
    <subfield code="a">PL480:I-E-8921</subfield>
  </datafield>
  <datafield tag="040" ind1=" " ind2=" ">
    <subfield code="a">DLC</subfield>
    <subfield code="c">DLC</subfield>
    <subfield code="d">DLC</subfield>
  </datafield>
  <datafield tag="043" ind1=" " ind2=" ">
    <subfield code="a">a-ii---</subfield>
  </datafield>
  <datafield tag="050" ind1="0" ind2="0">
    <subfield code="a">KNU1067.5.A311963</subfield>
    <subfield code="b">K37 1967</subfield>
  </datafield>
  <datafield tag="082" ind1="0" ind2="0">
    <subfield code="a">347/.2/0954792</subfield>
  </datafield>
  <datafield tag="100" ind1="1" ind2=" ">
    <subfield code="a">Karmali, A. E.</subfield>
    <subfield code="q">(Anwar E.)</subfield>
  </datafield>
  <datafield tag="245" ind1="1" ind2="4">
    <subfield code="a">The law of ownership flats,</subfield>
    <subfield code="b">with special reference to Maharashtra; together with the Maharashtra ownership flats act, 1963, Amendment act of 1964, commentary, all relevant decisions of Maharashtra Co-operative Tribunal pertaining to co-operative housing societies and their members, land acquisition for a co-operative housing society, recent judgements and comments, precedents, conditions for loans and allotment of land to co-operative housing societies, disputes and arbitration, latest amendments to model bye-laws, etc., etc.,</subfield>
    <subfield code="c">by A. E. Karmali. With a foreword by P. G. Kher.</subfield>
  </datafield>
  <datafield tag="260" ind1=" " ind2=" ">
    <subfield code="a">Bombay,</subfield>
    <subfield code="b">N. M. Tripathi,</subfield>
    <subfield code="c">1967.</subfield>
  </datafield>
  <datafield tag="300" ind1=" " ind2=" ">
    <subfield code="a">xviii, 255 p.</subfield>
    <subfield code="b">forms.</subfield>
    <subfield code="c">23 cm.</subfield>
  </datafield>
  <datafield tag="350" ind1=" " ind2=" ">
    <subfield code="a">Rs12.50</subfield>
  </datafield>
  <datafield tag="650" ind1=" " ind2="0">
    <subfield code="a">Condominiums</subfield>
    <subfield code="x">Law and legislation</subfield>
    <subfield code="z">India</subfield>
    <subfield code="z">Maharashtra.</subfield>
  </datafield>
  <datafield tag="650" ind1=" " ind2="0">
    <subfield code="a">Housing, Cooperative</subfield>
    <subfield code="x">Law and legislation</subfield>
    <subfield code="z">India</subfield>
    <subfield code="z">Maharashtra.</subfield>
  </datafield>
  <datafield tag="710" ind1="1" ind2=" ">
    <subfield code="a">Maharashtra (India).</subfield>
    <subfield code="t">Maharashtra Ownership Flats Act, 1963.</subfield>
  </datafield>
  <datafield tag="999" ind1=" " ind2=" ">
    <subfield code="c">80667</subfield>
    <subfield code="d">80667</subfield>
  </datafield>
</record>
